| 000 | 00542nam a22001937a 4500 | ||
|---|---|---|---|
| 005 | 20250802122545.0 | ||
| 008 | 230623b ||||| |||| 00| 0 eng d | ||
| 020 | _a9780070221161 | ||
| 040 | _cAL | ||
| 041 | _aEnglish | ||
| 082 |
_223 _a332.042 _bAPTI |
||
| 100 |
_aPrakash G Apte _9233739 |
||
| 245 | _aInternational Financial Management | ||
| 250 | _a5. | ||
| 260 |
_aNew Delhi _bTata McGraw Hill Education Private Limited _c2009 |
||
| 300 |
_axv,696 p. _bPB _c24x18 cm. |
||
| 650 |
_aFinancial Management _9124693 |
||
| 942 |
_2ddc _cDB |
||
| 999 |
_c227631 _d227631 |
||